Music Quiz

Random Music or Album Quiz

Flatbush Zombies: 3001 A Laced Odyssey Quiz Stats

 Plays Quiz not verified by Sporcle

Challenge
Share
Tweet
Embed
Score 0/12 Timer 10:00
0 Plays Today
Album Song % Correct
Bounce
95.2%
Your Favorite Rap Song
90.4%
Trade-Off
88.4%
Ascension
85.6%
3001: A Laced OdysseyThe Odyssey
84.9%
Smoke Break
84.9%
This Is It
84.9%
A Spike Lee Joint
82.9%
R.I.P.C.D.
82.2%
New Phone Who Dis?
80.8%
Fly Away
80.1%
Good Grief
76%

You're not logged in!

Compare scores with friends on all Sporcle quizzes.
OR
Log In

You Might Also Like...

Show Comments

Extras

Created Sep 11, 2016ReportNominate
Tags:Album Quiz, Rap Quiz

Top Quizzes Today


Score Distribution

Your Account Isn't Verified!

In order to create a playlist on Sporcle, you need to verify the email address you used during registration. Go to your Sporcle Settings to finish the process.

Report this User

Report this user for behavior that violates our Community Guidelines.

Details: